[Event "18th Asian-ch"]
[Site "New Delhi IND"]
[Date "2022.10.28"]
[Round "3.44"]
[White "Sharma Dinesh, K."]
[Black "Prraneeth, Vuppala"]
[Result "1-0"]
[WhiteElo "2242"]
[BlackElo "2451"]
[EventDate "2022.10.26"]
[PlyCount "85"]

1.e4 e5 2.Nf3 Nc6 3.Bb5 a6 4.Ba4 Nf6 5.O-O b5 6.Bb3 Bc5 7.c3 d6 8.d4 Bb6 
9.Be3 O-O 10.Nbd2 h6 11.h3 Re8 12.Re1 Rb8 13.a3 Na5 14.Bc2 c5 15.b4 cxd4 
16.cxd4 Nc6 17.d5 Ne7 18.Bd3 Bd7 19.Rc1 Nh7 20.Nf1 Ng6 21.Bxb6 Qxb6 22.Ne3
Nf4 23.Qd2 Ng5 24.Nxg5 hxg5 25.Bf1 g6 26.Ng4 Kg7 27.g3 Rh8 28.gxf4 gxf4 
29.Rc3 Rh4 30.Nh2 Rbh8 31.Nf3 R4h5 32.Bg2 Bxh3 33.Bxh3 Rxh3 34.Kf1 Qd8 35.
Ke2 g5 36.Rg1 f6 37.Qc1 Kg6 38.Rc6 R3h7 39.Qf1 a5 40.Qg2 axb4 41.Qg4 Qd7 
42.Nh4+ Kh6 43.Nf5+ 1-0

[Event "18th Asian-ch"]
[Site "New Delhi IND"]
[Date "2022.10.28"]
[Round "3.45"]
[White "Schain, Randolph"]
[Black "Manish Anto, Cristiano F."]
[Result "0-1"]
[WhiteElo "2165"]
[BlackElo "2332"]
[EventDate "2022.10.26"]
[PlyCount "74"]

1.d4 d5 2.Nc3 Nf6 3.Bg5 Bf5 4.Nf3 e6 5.e3 Nbd7 6.Bd3 Bxd3 7.Qxd3 Be7 8.O-O
O-O 9.Rfe1 c5 10.Rad1 Qa5 11.a3 Rac8 12.Ne5 Rfd8 13.Nxd7 Rxd7 14.dxc5 Qxc5
15.Re2 a6 16.Bxf6 gxf6 17.Red2 Qb6 18.Qd4 Qxd4 19.Rxd4 f5 20.R1d3 Bf6 21.
Rb4 Rdc7 22.Rb3 b5 23.Kf1 Rc4 24.Rb4 Bxc3 25.Rxc4 Rxc4 26.Rxc3 Rxc3 27.
bxc3 Kf8 28.Ke2 Ke7 29.Kd3 Kd6 30.f3 Kc5 31.h3 e5 32.h4 e4+ 33.Ke2 Kc4 34.
Kd2 exf3 35.gxf3 h5 36.Kd1 Kxc3 37.Kc1 a5 0-1

[Event "18th Asian-ch"]
[Site "New Delhi IND"]
[Date "2022.10.29"]
[Round "4.1"]
[White "Mendonca, Leon Luke"]
[Black "Narayanan, Sunilduth Lyna"]
[Result "1/2-1/2"]
[WhiteElo "2558"]
[BlackElo "2663"]
[EventDate "2022.10.26"]
[PlyCount "97"]

1.d4 Nf6 2.c4 g6 3.Nc3 d5 4.cxd5 Nxd5 5.e4 Nxc3 6.bxc3 Bg7 7.Nf3 c5 8.h3 
O-O 9.Rb1 b6 10.Be3 Bb7 11.Bd3 e6 12.O-O cxd4 13.cxd4 Nc6 14.e5 Ne7 15.Bg5
f6 16.exf6 Bxf6 17.Bxf6 Rxf6 18.Ng5 Nf5 19.Be4 Bxe4 20.Nxe4 Rf7 21.Rb4 a5 
22.Rc4 b5 23.Rc5 Nxd4 24.Qa1 Rf4 25.Re1 b4 26.Qb2 Rb8 27.Ng5 Qf6 28.Qd2 
Rd8 29.Qe3 Rf5 30.Ne4 Qe7 31.Rc4 Rfd5 32.Qf4 Rf8 33.Qe3 e5 34.Rec1 Rfd8 
35.Rc7 R5d7 36.R7c5 a4 37.Ra5 b3 38.Rxa4 b2 39.Rb1 Rb7 40.Nd2 Qe6 41.Ra5 
Nc6 42.Rc5 Qxa2 43.Rxc6 Rbd7 44.Qb6 Rxd2 45.Rxb2 Qxb2 46.Rxg6+ hxg6 47.
Qxg6+ Kf8 48.Qf6+ Ke8 49.Qe6+ 1/2-1/2

[Event "18th Asian-ch"]
[Site "New Delhi IND"]
[Date "2022.10.29"]
[Round "4.2"]
[White "Pranav, Anand"]
[Black "Praggnanandhaa, Rameshbabu"]
[Result "0-1"]
[WhiteElo "2502"]
[BlackElo "2687"]
[EventDate "2022.10.26"]
[PlyCount "88"]

1.d4 Nf6 2.c4 e6 3.Nc3 Bb4 4.e3 O-O 5.Bd3 d5 6.cxd5 exd5 7.Ne2 Re8 8.Bd2 
Bf8 9.Rc1 a5 10.O-O c6 11.f3 b5 12.Nf4 Na6 13.Nce2 Bd7 14.g4 h6 15.Qe1 Bb4
16.Nc3 Bd6 17.Qf2 c5 18.Bxb5 cxd4 19.exd4 Nb4 20.Be2 Qb6 21.a4 Re7 22.Rcd1
Rae8 23.Bb5 Qb8 24.Bxd7 Nxd7 25.Nh5 Nf8 26.g5 Na2 27.Nxa2 Re2 28.Qh4 Rxh2 
29.Qg4 Ng6 30.f4 Ree2 31.gxh6 Qd8 32.Nc3 Qh4 33.Qxe2 Rxe2 34.Nxe2 Qxh5 35.
Rf2 Nh4 36.Rdf1 Qxh6 37.Ng3 Qf6 38.Bc3 g5 39.Ne2 gxf4 40.Kh1 f3 41.Ng1 Qh6
42.Bd2 Qh5 43.Nh3 Bg3 44.Rg1 Ng2 0-1

[Event "18th Asian-ch"]
[Site "New Delhi IND"]
[Date "2022.10.29"]
[Round "4.3"]
[White "Aditya, Mittal"]
[Black "Karthikeyan, Murali"]
[Result "0-1"]
[WhiteElo "2486"]
[BlackElo "2623"]
[EventDate "2022.10.26"]
[PlyCount "124"]

1.Nf3 Nf6 2.c4 g6 3.Nc3 Bg7 4.e4 d6 5.d4 O-O 6.Be2 e5 7.O-O Nbd7 8.Be3 Qe7
9.Qc2 c6 10.Rfe1 h6 11.dxe5 dxe5 12.Rad1 Ng4 13.Bc1 Nc5 14.b3 Nf6 15.Ba3 
b6 16.b4 Ne6 17.Nxe5 Nd4 18.Rxd4 Qxe5 19.Rd3 Be6 20.Re3 h5 21.b5 cxb5 22.
Bxf8 Bxf8 23.Nd5 Rc8 24.Nxf6+ Qxf6 25.e5 Qg5 26.Rg3 Qh6 27.c5 h4 28.Rd3 
Rxc5 29.Qd2 Qxd2 30.Rxd2 Rxe5 31.Kf1 Bb4 32.Rd8+ Kg7 33.Rb1 a5 34.f4 Re4 
35.Bxb5 Rxf4+ 36.Ke2 Bxa2 37.Rf1 Rg4 38.Bc6 Bc4+ 39.Kf3 Rg5 40.Rfd1 Rf5+ 
41.Ke4 Rf2 42.Rc1 b5 43.Bd5 Rxg2 44.Bxc4 bxc4 45.Rxc4 Rxh2 46.Kf3 Rh3+ 47.
Kg2 Ra3 48.Rd7 h3+ 49.Kh2 Rf3 50.Rh4 g5 51.Rxh3 Rxh3+ 52.Kxh3 Kg6 53.Ra7 
f5 54.Ra6+ Kh5 55.Kg3 Bd2 56.Kf3 g4+ 57.Ke2 Bb4 58.Ke3 Kg5 59.Ra8 f4+ 60.
Ke4 f3 61.Rg8+ Kh4 62.Kf5 f2 0-1

[Event "18th Asian-ch"]
[Site "New Delhi IND"]
[Date "2022.10.29"]
[Round "4.4"]
[White "Koustav, Chatterjee"]
[Black "Zhumabaev, Rinat"]
[Result "1-0"]
[WhiteElo "2496"]
[BlackElo "2620"]
[EventDate "2022.10.26"]
[PlyCount "63"]

1.d4 d5 2.Nf3 Nf6 3.c4 c6 4.g3 dxc4 5.Bg2 g6 6.a4 Bg7 7.Na3 c5 8.O-O Nc6 
9.dxc5 Qa5 10.Nd4 O-O 11.Nxc6 bxc6 12.Bxc6 Rb8 13.Bf4 Qxc5 14.Bxb8 Qxc6 
15.Bxa7 Bh3 16.f3 Ra8 17.Nb5 Rxa7 18.Nxa7 Qb6+ 19.Rf2 Qxa7 20.Qd8+ Bf8 21.
a5 Nd7 22.g4 e6 23.e3 Qxe3 24.Qxd7 Bc5 25.Qd8+ Kg7 26.Qh4 c3 27.Qxh3 Qxf2+
28.Kh1 cxb2 29.Rb1 Qc2 30.Qf1 Bd6 31.Qg1 Bxh2 32.Qd4+ 1-0

[Event "18th Asian-ch"]
[Site "New Delhi IND"]
[Date "2022.10.29"]
[Round "4.5"]
[White "Raja Rithvik, R."]
[Black "Adhiban, Baskaran"]
[Result "1/2-1/2"]
[WhiteElo "2470"]
[BlackElo "2603"]
[EventDate "2022.10.26"]
[PlyCount "66"]

1.d4 e6 2.c4 b6 3.e4 Bb4+ 4.Bd2 Bxd2+ 5.Qxd2 d5 6.cxd5 exd5 7.exd5 Ne7 8.
Bb5+ Nd7 9.Nc3 O-O 10.Nf3 Bb7 11.O-O Nf6 12.Rac1 Nexd5 13.Nxd5 Bxd5 14.Bc6
Bxc6 15.Rxc6 Re8 16.Rfc1 Nd5 17.g3 Qd7 18.Ne5 Qf5 19.Qc2 Qxc2 20.R6xc2 a5 
21.a3 h5 22.Kg2 Rad8 23.Nc6 Rd7 24.b4 axb4 25.Nxb4 Nxb4 26.axb4 Rxd4 27.
Rxc7 Rxb4 28.Rb7 Rb5 29.Rc3 Rd8 30.Rf3 Rf8 31.Rd3 Re8 32.Rf3 Rf8 33.Rd3 
Re8 1/2-1/2

[Event "18th Asian-ch"]
[Site "New Delhi IND"]
[Date "2022.10.29"]
[Round "4.6"]
[White "Chanda, Sandipan"]
[Black "Harsha, Bharathakoti"]
[Result "0-1"]
[WhiteElo "2474"]
[BlackElo "2582"]
[EventDate "2022.10.26"]
[PlyCount "62"]

1.d4 Nf6 2.c4 e6 3.Nc3 d5 4.cxd5 exd5 5.Bg5 Bb4 6.e3 h6 7.Bh4 g5 8.Bg3 Ne4
9.Ne2 h5 10.h3 Nxg3 11.Nxg3 h4 12.Nh5 Qe7 13.Bd3 f5 14.O-O c6 15.g4 hxg3 
16.fxg3 Qxe3+ 17.Kg2 Qxd4 18.Nb5 Qb6 19.Bxf5 Bxf5 20.Rxf5 Qxb5 21.Nf6+ Kd8
22.Nxd5 Nd7 23.Ne3 Bc5 24.Rc1 Qxb2+ 25.Rc2 Qd4 26.Rd2 Qe4+ 27.Kh2 Rh7 28.
Rxc5 Qxe3 29.Rf5 Kc7 30.Re2 Qc3 31.Rc2 Qg7 0-1

[Event "18th Asian-ch"]
[Site "New Delhi IND"]
[Date "2022.10.29"]
[Round "4.7"]
[White "Shyam Sundar, M."]
[Black "Atabaev, Saparmyrat"]
[Result "1/2-1/2"]
[WhiteElo "2518"]
[BlackElo "2433"]
[EventDate "2022.10.26"]
[PlyCount "62"]

1.c4 e5 2.g3 Nf6 3.Bg2 Nc6 4.Nf3 Bc5 5.O-O d6 6.Nc3 Be6 7.d3 h6 8.a3 a5 9.
b3 O-O 10.Bb2 Qd7 11.e3 Bg4 12.Qc2 Rfe8 13.Nd5 Nxd5 14.cxd5 Bxf3 15.Bxf3 
Ne7 16.Rac1 Bb6 17.Rfd1 f5 18.Qc4 Kh8 19.Qa4 Qd8 20.Bg2 Ng6 21.Re1 Qf6 22.
Kh1 Qf7 23.Qc4 Re7 24.Rc2 Rae8 25.Bc3 e4 26.d4 Ra8 27.Qb5 Ree8 28.f3 exf3 
29.Bxf3 Nf8 30.Rf2 Nh7 31.Bg2 Ng5 1/2-1/2

[Event "18th Asian-ch"]
[Site "New Delhi IND"]
[Date "2022.10.29"]
[Round "4.8"]
[White "Aryan Chopra"]
[Black "Atabaev, Maksat"]
[Result "0-1"]
[WhiteElo "2629"]
[BlackElo "2475"]
[EventDate "2022.10.26"]
[PlyCount "180"]

1.e4 e6 2.d4 d5 3.Nc3 Bb4 4.e5 Ne7 5.a3 Bxc3+ 6.bxc3 c5 7.Qg4 cxd4 8.Qxg7 
Rg8 9.Qxh7 Qc7 10.Ne2 Nbc6 11.f4 dxc3 12.h4 Bd7 13.h5 O-O-O 14.Qd3 d4 15.
Rb1 Kb8 16.h6 Bc8 17.h7 Rh8 18.g4 b6 19.Ng3 Bb7 20.Rh5 f6 21.exf6 Nd5 22.
Rxd5 exd5 23.g5 Rxh7 24.g6 Rh4 25.Be2 Bc8 26.f7 Qe7 27.a4 Qf6 28.a5 Nxa5 
29.Ba3 Rxf4 30.f8=Q Rxf8 31.Bxf8 Qxf8 32.Nh5 Rf5 33.g7 Qg8 34.Qg3+ Kb7 35.
Qg6 Rf7 36.Qh6 Bf5 37.Qh8 Rxg7 38.Qxg7+ Qxg7 39.Nxg7 Bxc2 40.Rc1 d3 41.
Bxd3 Bxd3 42.Rxc3 Bc4 43.Nf5 b5 44.Rh3 Nc6 45.Rh6 a5 46.Kd2 a4 47.Ne3 Kb6 
48.Rh8 b4 49.Nc2 a3 50.Kc1 Bb3 51.Ne1 Ba4 52.Ra8 Bb5 53.Nc2 Bd3 54.Na1 Na5
55.Rb8+ Kc5 56.Ra8 Kb5 57.Rb8+ Kc4 58.Rc8+ Kd4 59.Ra8 b3 60.Nxb3+ Nxb3+ 
61.Kd1 Kc3 62.Rxa3 Bc2+ 63.Ke1 d4 64.Ra7 d3 65.Rd7 Kb2 66.Kf2 Kc1 67.Ke3 
d2 68.Rxd2 Nxd2 69.Kf4 Nc4 70.Kg5 Kd2 71.Kf4 Ke2 72.Kg4 Ke3 73.Kg5 Kf3 74.
Kf6 Kf4 75.Kf7 Ke5 76.Kg7 Nd6 77.Kf8 Kf6 78.Kg8 Nf7 79.Kf8 Bh7 80.Ke8 Ne5 
81.Kd8 Ke6 82.Kc7 Nd7 83.Kc6 Bd3 84.Kc7 Be4 85.Kd8 Kd6 86.Ke8 Bg6+ 87.Kd8 
Nc5 88.Kc8 Bf7 89.Kd8 Nb7+ 90.Kc8 Kc6 0-1

[Event "18th Asian-ch"]
[Site "New Delhi IND"]
[Date "2022.10.29"]
[Round "4.9"]
[White "Pranesh, Munirethinam"]
[Black "Sethuraman, Panayapan"]
[Result "0-1"]
[WhiteElo "2442"]
[BlackElo "2645"]
[EventDate "2022.10.26"]
[PlyCount "102"]

1.e4 c5 2.Nf3 d6 3.d4 cxd4 4.Nxd4 Nf6 5.Nc3 a6 6.Bg5 e6 7.f4 Nbd7 8.Qe2 
Qc7 9.O-O-O b5 10.g4 b4 11.Nd5 exd5 12.exd5+ Be7 13.Nf5 Nc5 14.Nxg7+ Kd8 
15.Bh3 Nfe4 16.Bxe7+ Qxe7 17.Rhe1 Rg8 18.Nh5 Qh4 19.Ng3 Re8 20.Qc4 Nxg3 
21.hxg3 Qxg3 22.Qxb4 Rxe1 23.Rxe1 Rb8 24.Qa5+ Kd7 25.Rh1 Qxf4+ 26.Kb1 Qe5 
27.b3 Qxd5 28.Re1 Qf3 29.Bf1 Bb7 30.Be2 Qf2 31.g5 Be4 32.Qd2 Qg3 33.Bc4 
Bg6 34.Bd5 Rc8 35.Ka1 Ne4 36.Bxe4 Qe5+ 37.c3 Bxe4 38.Kb2 d5 39.Rf1 Bg6 40.
Re1 Be4 41.Rf1 Ke8 42.Rf6 d4 43.cxd4 Qd5 44.Ka3 Rc2 45.Qb4 Qb5 46.Qe1 Kf8 
47.Rd6 Kg7 48.Rd8 Qb6 49.Rd7 Qe6 50.Ra7 Qd6+ 51.b4 Qxd4 0-1

[Event "18th Asian-ch"]
[Site "New Delhi IND"]
[Date "2022.10.29"]
[Round "4.10"]
[White "Srihari, L. R."]
[Black "Aravindh, Chithambaram"]
[Result "0-1"]
[WhiteElo "2436"]
[BlackElo "2625"]
[EventDate "2022.10.26"]
[PlyCount "64"]

1.Nf3 g6 2.g3 Bg7 3.d4 Nf6 4.Bg2 O-O 5.O-O d5 6.c4 c6 7.Ne5 dxc4 8.Nxc4 
Be6 9.Ne5 Qb6 10.Nc3 Rd8 11.e3 Na6 12.b3 c5 13.Bb2 cxd4 14.Na4 Qb5 15.Bxd4
Ne8 16.Nf3 Nb4 17.Qb1 Bf5 18.Qb2 Nd3 19.Qe2 e5 20.Bc3 Nd6 21.Rfd1 Be4 22.
Ne1 Bxg2 23.Qxd3 Bc6 24.Qxb5 Bxb5 25.Nc5 Rac8 26.Bb4 Bf8 27.a4 Bc6 28.Rac1
Ne4 29.Ned3 Nxc5 30.Nxc5 Rxd1+ 31.Rxd1 Bf3 32.Rc1 b6 0-1

[Event "18th Asian-ch"]
[Site "New Delhi IND"]
[Date "2022.10.29"]
[Round "4.11"]
[White "Puranik, Abhimanyu"]
[Black "Samant Aditya, S."]
[Result "1/2-1/2"]
[WhiteElo "2603"]
[BlackElo "2467"]
[EventDate "2022.10.26"]
[PlyCount "83"]

1.c4 e5 2.Nc3 Nf6 3.Nf3 Nc6 4.e4 Bb4 5.d3 d6 6.a3 Bc5 7.b4 Bb6 8.Na4 Bd4 
9.Rb1 Bg4 10.Be2 Bxf3 11.Bxf3 a6 12.Bd2 b5 13.Nc3 bxc4 14.dxc4 O-O 15.O-O 
a5 16.Nb5 axb4 17.axb4 h6 18.Qc2 Qd7 19.Rfc1 Ra6 20.h3 Rfa8 21.Qd3 Ra2 22.
Be1 Bb6 23.c5 dxc5 24.Qxd7 Nxd7 25.Bg4 Nf6 26.bxc5 Ba5 27.Bxa5 R8xa5 28.
Nxc7 Nxe4 29.Bf3 Nd2 30.Bxc6 Nxb1 31.Rxb1 Rxc5 32.Be4 g6 33.Ne8 Rd2 34.g4 
Kf8 35.Nf6 Kg7 36.Rb6 Rc1+ 37.Kg2 Re1 38.Bf3 Rd4 39.h4 e4 40.Bxe4 Rdxe4 
41.Nxe4 Rxe4 42.Kg3 1/2-1/2

[Event "18th Asian-ch"]
[Site "New Delhi IND"]
[Date "2022.10.29"]
[Round "4.12"]
[White "Vokhidov, Shamsiddin"]
[Black "Amartuvshin, Ganzorig"]
[Result "1-0"]
[WhiteElo "2568"]
[BlackElo "2406"]
[EventDate "2022.10.26"]
[PlyCount "53"]

1.e4 c5 2.Nf3 e6 3.d4 cxd4 4.Nxd4 Nc6 5.Nc3 Qc7 6.Be3 a6 7.g4 b5 8.Nxc6 
Qxc6 9.Qd2 b4 10.Ne2 Qxe4 11.Rg1 Qc6 12.Bg2 d5 13.O-O-O Bb7 14.Nf4 a5 15.
Bd4 Nf6 16.g5 Nd7 17.Rge1 O-O-O 18.Kb1 Qc7 19.Nd3 Nb8 20.Be5 Qd7 21.c3 
bxc3 22.Qxc3+ Nc6 23.Rc1 Rg8 24.Qxa5 Bd6 25.Bxd6 Qxd6 26.Ne5 Qc7 27.Nxc6 
1-0

[Event "18th Asian-ch"]
[Site "New Delhi IND"]
[Date "2022.10.29"]
[Round "4.13"]
[White "Suleymenov, Alisher"]
[Black "Sanket, Chakravarty"]
[Result "0-1"]
[WhiteElo "2491"]
[BlackElo "2372"]
[EventDate "2022.10.26"]
[PlyCount "122"]

1.d4 Nf6 2.c4 e6 3.Nc3 d5 4.cxd5 exd5 5.Bg5 c6 6.e3 h6 7.Bh4 Be7 8.Bd3 O-O
9.Nge2 Nbd7 10.Qc2 Re8 11.f3 b5 12.O-O a5 13.Bf2 Ba6 14.h3 b4 15.Bxa6 Rxa6
16.Na4 c5 17.dxc5 Nxc5 18.Nxc5 Rc6 19.Qa4 Rxc5 20.Nd4 Qd7 21.Qxd7 Nxd7 22.
Rad1 Bf6 23.Rd2 Nb6 24.b3 Bxd4 25.Rxd4 Rc2 26.Rfd1 Rxa2 27.e4 Re6 28.Kf1 
Kh7 29.exd5 Ree2 30.Bg1 Nd7 31.Re4 Rxg2 32.Re7 Nf6 33.f4 Nh5 34.Re3 Rgd2 
35.Rxd2 Rxd2 36.Re7 Nxf4 37.Ke1 Rxd5 38.Rxf7 Nxh3 39.Bb6 Rd3 40.Bxa5 Rxb3 
41.Rb7 Rb2 42.Bc7 Ng5 43.Kd1 Ne4 44.Bb6 b3 45.Ke1 Kg6 46.Bd4 Rb1+ 47.Ke2 
Ng3+ 48.Kd2 Nf5 49.Bc3 h5 50.Ke2 h4 51.Kf3 h3 52.Be5 Kh5 53.Rb8 g5 54.Rh8+
Kg6 55.Rb8 b2 56.Rxb2 g4+ 57.Kf2 g3+ 58.Kf3 Rxb2 59.Bxb2 g2 60.Kf2 Nh4 61.
Be5 Nf3 0-1

[Event "18th Asian-ch"]
[Site "New Delhi IND"]
[Date "2022.10.29"]
[Round "4.14"]
[White "Sammed Jaykumar, Shete"]
[Black "Batchuluun, Tsegmed"]
[Result "1-0"]
[WhiteElo "2408"]
[BlackElo "2487"]
[EventDate "2022.10.26"]
[PlyCount "159"]

1.e4 e5 2.Nf3 Nc6 3.d4 exd4 4.Nxd4 Nf6 5.Nxc6 bxc6 6.e5 Qe7 7.Qe2 Nd5 8.h4
a5 9.c4 Ba6 10.Nd2 f6 11.exf6 Nxf6 12.b3 a4 13.Bb2 Qxe2+ 14.Bxe2 Bb4 15.
O-O-O O-O 16.Bf3 Bb7 17.h5 axb3 18.axb3 h6 19.Ne4 Nxe4 20.Bxe4 d5 21.Bf3 
Ba3 22.Rhe1 dxc4 23.Rd7 Rf7 24.Rxf7 Kxf7 25.bxc4 Ra4 26.Bxa3 Rxa3 27.Kb2 
Ra5 28.Kb3 Ra6 29.Re5 Bc8 30.Rc5 Bd7 31.Be4 Ke7 32.f4 Ra1 33.Re5+ Kf6 34.
Bf3 Rb1+ 35.Kc3 Ra1 36.Kd4 Ra2 37.g4 Rd2+ 38.Ke4 Kf7 39.g5 hxg5 40.fxg5 
Rh2 41.Ke3 Rh4 42.Be4 Kf8 43.g6 Rh2 44.Bf3 Rh3 45.Re4 Be8 46.Rf4+ Ke7 47.
Kd4 Rh2 48.Re4+ Kf8 49.Ke5 Rf2 50.Bg4 Ke7 51.Kd4+ Kf8 52.Ke3 Rh2 53.Kf4 
Rf2+ 54.Kg5 Rh2 55.Be6 Rg2+ 56.Kf4 Rh2 57.Re5 Rh4+ 58.Ke3 Rh1 59.Bg4 Rc1 
60.Kd4 Rg1 61.Re4 Rf1 62.Kc5 Rh1 63.Bf3 Rh3 64.Rf4+ Ke7 65.Rf5 Rh4 66.Re5+
Kf8 67.Kb4 Rh3 68.Bg4 Rh4 69.Be2 Bd7 70.Ka5 Rh1 71.Ka6 Rb1 72.Ka7 Rb2 73.
c5 Rb4 74.Ba6 Bg4 75.Bb7 Bd7 76.Kb8 Rh4 77.Kxc7 Be8 78.Bxc6 Bxc6 79.Kxc6 
Rh1 80.Kc7 1-0

[Event "18th Asian-ch"]
[Site "New Delhi IND"]
[Date "2022.10.29"]
[Round "4.15"]
[White "Karthik, Venkataraman"]
[Black "Nitish, Belurkar"]
[Result "1/2-1/2"]
[WhiteElo "2486"]
[BlackElo "2435"]
[EventDate "2022.10.26"]
[PlyCount "81"]

1.e4 e6 2.d4 d5 3.e5 c5 4.c3 Nc6 5.Nf3 Bd7 6.Be2 Nge7 7.O-O Ng6 8.g3 Be7 
9.h4 cxd4 10.cxd4 O-O 11.h5 Nh8 12.Nc3 f6 13.exf6 Bxf6 14.Re1 Nf7 15.Bf1 
Ng5 16.Bxg5 Bxg5 17.Bh3 Qf6 18.Bg4 Bh6 19.Kg2 Rae8 20.b4 Ne7 21.Qe2 Rc8 
22.Ne5 Be8 23.Nd1 Nf5 24.Qd3 Nd6 25.a4 a6 26.f3 Kh8 27.Nc3 Nf5 28.b5 a5 
29.Ra2 g6 30.hxg6 Bxg6 31.Nxg6+ Qxg6 32.Bxf5 Rxf5 33.Rae2 Bf4 34.g4 Rf6 
35.Qxg6 Rxg6 36.Nd1 Rc4 37.Rxe6 Rxe6 38.Rxe6 Rxa4 39.Ne3 Bxe3 40.Rxe3 Rxd4
41.Re7 1/2-1/2

[Event "18th Asian-ch"]
[Site "New Delhi IND"]
[Date "2022.10.29"]
[Round "4.16"]
[White "Vignesh, N. R."]
[Black "Viani, Antonio Dcunha"]
[Result "0-1"]
[WhiteElo "2486"]
[BlackElo "2342"]
[EventDate "2022.10.26"]
[PlyCount "108"]

1.d4 d5 2.Nf3 Nf6 3.g3 g6 4.c4 dxc4 5.Bg2 Bg7 6.O-O O-O 7.Na3 c6 8.Nxc4 
Be6 9.b3 Bd5 10.Bb2 a5 11.e3 a4 12.Rc1 axb3 13.axb3 Nbd7 14.Qe2 Qc7 15.Ra1
b6 16.Ncd2 Ne4 17.Nxe4 Bxe4 18.Rfc1 Qb7 19.Nd2 Bxg2 20.Kxg2 c5+ 21.Qf3 
Qxf3+ 22.Nxf3 cxd4 23.exd4 Nf6 24.Rxa8 Rxa8 25.Rc7 Kf8 26.Bc1 Ke8 27.Rc2 
Nd5 28.Be3 Kd7 29.Nd2 Nb4 30.Rc4 Nd5 31.Rc2 e6 32.Kf3 Nb4 33.Rc1 Ra2 34.
Rc4 Nd5 35.Ke2 Bf8 36.Kd3 Nb4+ 37.Ke2 Nd5 38.Kd3 Nb4+ 39.Ke2 Rb2 40.Kd1 
Be7 41.Rc1 b5 42.Rb1 Ra2 43.Nf3 f6 44.Rc1 Nd5 45.Bd2 Rb2 46.Ra1 Rxb3 47.
Ra7+ Kc6 48.Ne1 Ra3 49.Rxa3 Bxa3 50.Nd3 Bd6 51.Kc2 g5 52.h4 gxh4 53.gxh4 
h5 54.Bh6 Nb4+ 0-1

[Event "18th Asian-ch"]
[Site "New Delhi IND"]
[Date "2022.10.29"]
[Round "4.17"]
[White "Ritviz, Parab"]
[Black "Mitrabha, Guha"]
[Result "1/2-1/2"]
[WhiteElo "2337"]
[BlackElo "2474"]
[EventDate "2022.10.26"]
[PlyCount "80"]

1.e4 e5 2.Nf3 Nc6 3.Bc4 Bc5 4.O-O Nf6 5.d3 d6 6.c3 a5 7.Re1 h6 8.Nbd2 O-O 
9.Nf1 Be6 10.Bb5 Qb8 11.d4 Bb6 12.d5 Na7 13.Bd3 Bd7 14.Ne3 Nc8 15.Nh4 Ne7 
16.Qf3 Qc8 17.h3 Bc5 18.g4 Qd8 19.Nef5 Nh7 20.Qg3 Kh8 21.Kh2 c6 22.Nxe7 
Qxe7 23.Be3 Ba7 24.c4 a4 25.Ng2 Rfb8 26.b4 axb3 27.axb3 Bxe3 28.Nxe3 c5 
29.f4 exf4 30.Qxf4 Ng5 31.h4 Nf3+ 32.Qxf3 Rxa1 33.Rxa1 Qe5+ 34.Qg3 Qxa1 
35.Qxd6 Ra8 36.Qxd7 Qe5+ 37.Kg2 Qf4 38.Qxb7 Ra2+ 39.Bc2 Qxe3 40.Qc8+ Kh7 
1/2-1/2

[Event "18th Asian-ch"]
[Site "New Delhi IND"]
[Date "2022.10.29"]
[Round "4.18"]
[White "Bilguun, Sumiya"]
[Black "Raahul, V. S."]
[Result "1/2-1/2"]
[WhiteElo "2467"]
[BlackElo "2333"]
[EventDate "2022.10.26"]
[PlyCount "89"]

1.e4 c6 2.d4 d5 3.exd5 cxd5 4.Bd3 Nc6 5.c3 Qc7 6.Ne2 Bg4 7.O-O e6 8.Qe1 
Bd6 9.f3 Bh5 10.Qh4 Bg6 11.Bxg6 fxg6 12.Nf4 Bxf4 13.Qxf4 Qe7 14.Re1 Nf6 
15.b3 Kf7 16.Na3 Rhe8 17.Nb5 e5 18.dxe5 Qc5+ 19.Be3 Qxb5 20.exf6 gxf6 21.
Bf2 Rac8 22.Rad1 Qa5 23.b4 Rxe1+ 24.Rxe1 Qc7 25.Qh4 Kg7 26.b5 g5 27.Qg3 
Qxg3 28.hxg3 Ne5 29.Bxa7 Rxc3 30.Bd4 Rd3 31.Bxe5 fxe5 32.Rxe5 Kf6 33.Re8 
Ra3 34.Rh8 d4 35.Rxh7 Ke6 36.Rxb7 Rxa2 37.Rb6+ Kd5 38.Rb8 d3 39.Rd8+ Kc4 
40.b6 Rb2 41.Rd6 Kc3 42.Rc6+ Kd4 43.Rd6+ Kc3 44.Rc6+ Kd4 45.Rd6+ 1/2-1/2

[Event "18th Asian-ch"]
[Site "New Delhi IND"]
[Date "2022.10.29"]
[Round "4.19"]
[White "Yakubboev, Nodirbek"]
[Black "Anuj, Shrivatri"]
[Result "0-1"]
[WhiteElo "2663"]
[BlackElo "2407"]
[EventDate "2022.10.26"]
[PlyCount "94"]

1.e4 e5 2.Nf3 Nc6 3.Bc4 Nf6 4.d3 Bc5 5.O-O O-O 6.Bg5 h6 7.Bh4 a6 8.c3 Be7 
9.Bg3 d6 10.a4 Na5 11.Ba2 c5 12.Nbd2 Nc6 13.Re1 Rb8 14.d4 cxd4 15.cxd4 Bg4
16.h3 Bh5 17.dxe5 dxe5 18.Nc4 Bb4 19.Qxd8 Rbxd8 20.Nfxe5 Bxe1 21.Rxe1 Nxe5
22.Bxe5 Rd1 23.Rxd1 Bxd1 24.Bxf6 gxf6 25.a5 Ba4 26.Ne3 Bd7 27.Bd5 Rb8 28.
Nc4 Be6 29.Nb6 Bxd5 30.Nd7 Rc8 31.Nxf6+ Kg7 32.Nxd5 Rc1+ 33.Kh2 Rc2 34.b4 
Rxf2 35.Kg3 Rd2 36.Kf3 f5 37.Nf4 Kf6 38.g4 fxe4+ 39.Kxe4 Kg5 40.Ke3 Rb2 
41.Nd3 Rb3 42.Kd4 Kh4 43.Kc4 Rxd3 44.Kxd3 Kxh3 45.b5 Kxg4 46.bxa6 bxa6 47.
Ke2 Kg3 0-1

[Event "18th Asian-ch"]
[Site "New Delhi IND"]
[Date "2022.10.29"]
[Round "4.20"]
[White "Neelotpal, Das"]
[Black "Visakh, N. R."]
[Result "1/2-1/2"]
[WhiteElo "2400"]
[BlackElo "2566"]
[EventDate "2022.10.26"]
[PlyCount "44"]

1.d4 d5 2.Nf3 Nf6 3.c4 e6 4.e3 dxc4 5.Bxc4 c5 6.O-O a6 7.dxc5 Bxc5 8.Qxd8+
Kxd8 9.Nbd2 Ke7 10.Be2 b6 11.Ne5 Bb7 12.Nd3 Nbd7 13.b3 a5 14.Nxc5 bxc5 15.
Ba3 Nd5 16.Rfc1 Rhc8 17.Bb5 Bc6 18.Bf1 Bb7 19.Bb5 Bc6 20.Bf1 Bb7 21.Bb5 
Bc6 22.Bf1 Bb7 1/2-1/2

[Event "18th Asian-ch"]
[Site "New Delhi IND"]
[Date "2022.10.29"]
[Round "4.21"]
[White "Nurmamedov, Azat"]
[Black "Iniyan, P."]
[Result "1/2-1/2"]
[WhiteElo "2382"]
[BlackElo "2541"]
[EventDate "2022.10.26"]
[PlyCount "101"]

1.e4 c5 2.Nf3 d6 3.d4 cxd4 4.Nxd4 Nf6 5.Nc3 a6 6.Be2 e6 7.O-O Qc7 8.a4 Be7
9.Be3 O-O 10.a5 Nbd7 11.Nb3 b5 12.axb6 Nxb6 13.Qd4 Nfd7 14.Rfd1 Nc5 15.
Nxc5 dxc5 16.Qd2 Bb7 17.Na4 Nxa4 18.Rxa4 Rfd8 19.Qe1 Rxd1 20.Qxd1 Bc6 21.
Rxa6 Rxa6 22.Bxa6 Qb6 23.Qa1 Bxe4 24.Bd3 Bxd3 25.cxd3 h6 26.g3 Kh7 27.Qb1 
g6 28.Qc2 h5 29.h4 Qb4 30.b3 Kg7 31.Kg2 Qb7+ 32.Kg1 Qd5 33.Qc3+ e5 34.Kh2 
f6 35.Qc4 Qxc4 36.bxc4 Kf7 37.Kg2 Ke6 38.f3 g5 39.Kh3 Kf7 40.Bf2 gxh4 41.
Kxh4 Kg6 42.Kh3 f5 43.g4 hxg4+ 44.fxg4 fxg4+ 45.Kxg4 Bd6 46.Bh4 Bf8 47.Bg5
Bd6 48.Bd8 Bf8 49.Bg5 Bd6 50.Bd8 Bf8 51.Bg5 1/2-1/2

[Event "18th Asian-ch"]
[Site "New Delhi IND"]
[Date "2022.10.29"]
[Round "4.22"]
[White "Pranav, V."]
[Black "Laxman, Rajaram"]
[Result "1-0"]
[WhiteElo "2530"]
[BlackElo "2378"]
[EventDate "2022.10.26"]
[PlyCount "61"]

1.e4 e5 2.Nf3 Nc6 3.Bb5 a6 4.Ba4 Nf6 5.O-O Be7 6.Re1 b5 7.Bb3 O-O 8.h3 d6 
9.c3 Nb8 10.d4 Nbd7 11.c4 c6 12.Nc3 b4 13.Ne2 c5 14.dxe5 Nxe5 15.Nf4 Nxf3+
16.Qxf3 Bb7 17.Nd5 Nxd5 18.exd5 Bf6 19.Rb1 Be5 20.Bf4 f6 21.Bc2 Qc7 22.Be3
Rae8 23.Qd1 g5 24.h4 Qg7 25.Qh5 h6 26.f4 gxf4 27.Bxf4 Re7 28.Bxh6 Qg3 29.
Kf1 Rff7 30.Re3 Qh2 31.Rh3 1-0

[Event "18th Asian-ch"]
[Site "New Delhi IND"]
[Date "2022.10.29"]
[Round "4.23"]
[White "Sankalp, Gupta"]
[Black "Saydaliev, Saidakbar"]
[Result "1-0"]
[WhiteElo "2502"]
[BlackElo "2376"]
[EventDate "2022.10.26"]
[PlyCount "35"]

1.d4 Nf6 2.Bf4 d5 3.e3 c5 4.Nf3 Nc6 5.Nbd2 e6 6.c3 Bd6 7.Bg3 O-O 8.Bd3 b6 
9.e4 dxe4 10.Nxe4 Nxe4 11.Bxe4 Bb7 12.dxc5 Bxc5 13.Qa4 Qc8 14.Bxh7+ Kxh7 
15.Qh4+ Kg8 16.Ng5 Re8 17.O-O-O Nd8 18.Rhe1 1-0

[Event "18th Asian-ch"]
[Site "New Delhi IND"]
[Date "2022.10.29"]
[Round "4.24"]
[White "Sengupta, Deep"]
[Black "Panda, Sambit"]
[Result "1/2-1/2"]
[WhiteElo "2497"]
[BlackElo "2362"]
[EventDate "2022.10.26"]
[PlyCount "83"]

1.c4 e6 2.Nf3 d5 3.e3 Nf6 4.Nc3 c5 5.cxd5 exd5 6.Bb5+ Nc6 7.d4 cxd4 8.Nxd4
Bd7 9.O-O Bd6 10.e4 dxe4 11.Bg5 Be5 12.Bxc6 Bxc6 13.Nxc6 Qxd1 14.Raxd1 
bxc6 15.Bxf6 Bxf6 16.Nxe4 Bxb2 17.Nd6+ Kf8 18.Nc4 Bf6 19.Rd7 h5 20.Rb1 Kg8
21.Rbb7 Kh7 22.Rxf7 Rhb8 23.Kf1 Rxb7 24.Rxb7 Bd4 25.Nd6 Kg6 26.Ne4 Kf5 27.
f3 Rd8 28.Rc7 Rb8 29.Ng3+ Ke5 30.Rxg7 Rb1+ 31.Ke2 Kd5 32.Rd7+ Kc4 33.f4 
Rb2+ 34.Kf3 c5 35.Ne2 Rxa2 36.f5 Ra1 37.g3 Rf1+ 38.Ke4 Re1 39.Kf3 Rf1+ 40.
Ke4 Re1 41.Kf3 Rf1+ 42.Ke4 1/2-1/2

[Event "18th Asian-ch"]
[Site "New Delhi IND"]
[Date "2022.10.29"]
[Round "4.25"]
[White "Wagh, Suyog"]
[Black "Atabaev, Yusup"]
[Result "0-1"]
[WhiteElo "2351"]
[BlackElo "2490"]
[EventDate "2022.10.26"]
[PlyCount "58"]

1.d4 Nf6 2.c4 c5 3.d5 e6 4.Nc3 exd5 5.cxd5 d6 6.Nf3 g6 7.Nd2 Nbd7 8.e4 a6 
9.a4 Bg7 10.Be2 O-O 11.O-O Re8 12.Qc2 b6 13.f4 h5 14.h3 Rb8 15.Nc4 Qc7 16.
Ne3 Nf8 17.Kh2 Qe7 18.Bd3 h4 19.Re1 Nh5 20.Nf1 g5 21.fxg5 Be5+ 22.Kh1 Ng6 
23.Qf2 Ng3+ 24.Kg1 Rf8 25.Ne2 f5 26.Nexg3 hxg3 27.Qe2 f4 28.Qh5 Qe8 29.Bc2
Rb7 0-1